| 000 | 02587nam a2200385 a 4500 | ||
|---|---|---|---|
| 003 | DO-SdBNP | ||
| 005 | 20221122134018.0 | ||
| 007 | ta | ||
| 008 | 221122e19802020sp ac||gre||| 001 pdspa d | ||
| 020 | _a9798782949075, v.4 | ||
| 020 | _a9798782686673, v.5-A | ||
| 020 | _a9798782884017, v.5-B | ||
| 020 | _a97987780893297, v.6 | ||
| 020 | _a9798451353912, v.7 | ||
| 040 |
_aDO-SdBNP _bspa _cBNPHU |
||
| 082 | 4 |
_222 _bM516o |
|
| 100 | 1 |
_925501 _aMejía, Manuel Antonio _e1967- |
|
| 245 | 1 | 0 |
_aObra poética completa: _b[1980 - 1982]. / _cManuel Antonio Mejía |
| 260 |
_aMadrid, España : _b[s.n.], _c2022 |
||
| 300 |
_a4 v. : _bil., retr. ; _c29 cm. |
||
| 500 | _aLa Biblioteca posee los volúmenes, 4, 5, 6 y 7. | ||
| 500 | _av.5 contiene dos libros; v.5 A y v.5 B. | ||
| 500 | _aIncluye datos biográficos del autor p. 443 - 451 del (v.4) | ||
| 505 |
_av.4, 1980 - 1982. _gPrólogos (2011- 2020). (Prosas Poética 1980 - 1982). _tAlumbrar Literario.-- Inédito de mi Juventud: Contempla los Escritos sueltos.-- _t1. Relatos de un muchacho (1980).-- _t2. Versos al Vuelo de las Águilas (1980).-- _t3. Gorriones Corriendo Junto al Sueño (1982). |
||
| 505 |
_av.5: [1990 - 2000]: Sobre el Cimiento de las Obras. _t1. El Idioma de la Soledad (1985).-- _t2. Catorce años de Frío el Día Veintitrés del Once del Noventa y Uno (1990 - 1991) _t3. La Palabra Más Grande de este Mundo (1992 ),-- _t4. Carne de los Sueños (1987 - 1991).-- _t5. Dos para más [(1988 -1989) (1990 - 1995) (1985 - 2000), (200 - 2010) (2010 - 2020)].-- _t6. La Noche Descalza (1989 - 1994).-- |
||
| 505 |
_av.6: [2000 - 2010]: Sobre el Cimiento de las Obras. _t1. Mi Ejército (2003 - 2005).-- _t2. Verbo amar (2005 - 2006).-- _t3. Promesa (2000).-- _t4. Un Diluvio de Sueños (2010 ).-- _t5. Melodía Anterior y Dorada (2010...).-- _t6. Verbo Volar (2010...).-- _t7. el Turno de la Luna, 2010...2015 ( Obra Aneja). |
||
| 505 |
_av.7 : [2010 - 2020]: Sobre el Cimiento de las Obras. _t1. Mieles de Otros MUndos (2010 - 2016).-- _t2. Convergen las olas (2010).-- _t3. El Ser humano de mi Voz (2010 - 2014).-- _t4. Elegía para un Ombligo que se parece a Venus (2011 - 2012).-- _t5. Fabricarte con mis Besos (20147 - 2020). |
||
| 590 | _aInventariado 2022 / MF | ||
| 600 | 4 |
_925501 _aMejía, Manuel Antonio _tObra Poética Completa _vAutobiografía _zRepública Dominicana |
|
| 650 | 4 |
_aLiteratura _xRepública Dominicana _981604 |
|
| 650 | 4 |
_99729 _aPoesía _xColecciones _zRepública Dominicana |
|
| 650 | 4 |
_939335 _aProsa Poética _xColecciones _zRepública Dominicana |
|
| 910 | _aMFeliz | ||
| 942 |
_2ddc _cLBS1 |
||
| 999 |
_c52982 _d52982 |
||